000 01280nam0a22002651 4500
001 v19\rc\1988290
005 20260405182610.0
035 _a(NLR Aleph) 005272227
090 _a6011827
_c6011827
100 _a20080811d1915 |||y0rusy50 ca
101 0 _arus
102 _aRU
105 _ay z |||||
200 1 _aВоенно-инвалидные поселения
_eБезубыточ. для казны способ призрения инвалидов и семейств павших в бою рус. воинов
_fП.М. Розенштанд-Вельдике, дат. инж.
_gС предисл. Всев. Чешихина, авт. "Патриотических стихотворений", 1914 г.
210 _aРига
_cизд. авт.
_d1915
215 _a24 с.
_d18
700 1 _7ca
_8rus
_aРозенштанд-Вельдике
_bП. М.
_f19 в.-
_gПетр Маркович
_962225
_3RU\NLR\AUTH\7779297
702 1 _4080
_7ca
_8rus
_aЧешихин
_bВ. Е.
_f1865-1934
_gВсеволод Евграфович
_944439
_3RU\NLR\AUTH\7761509
801 2 _aRU
_bNLR
_c20090808
_2rusmarc
801 0 _aRU
_bNLR
_c20080811
_gpsbo
801 0 _aRU
_bRuMoRGB
_c20080811
_2psbo
801 1 _aRU
_bProSoft-M
_c20080811
_2rusmarc
852 _aNLR
_j37.74.8.183
942 _cBOOK
980 _aNB